دشت تمنا / (Record no. 106708)

MARC details
000 -LEADER
fixed length control field 00806nam a22002537a 4500
005 - DATE AND TIME OF LATEST TRANSACTION
control field 20170123162316.0
010 ## - LIBRARY OF CONGRESS CONTROL NUMBER
LC control number A-645302
020 ## - INTERNATIONAL STANDARD BOOK NUMBER
Terms of availability 70.00
035 ## - SYSTEM CONTROL NUMBER
System control number A-645302
037 ## - SOURCE OF ACQUISITION
Source of stock number/acquisition Cen Lib/Ret
040 ## - CATALOGING SOURCE
Original cataloging agency DPL
Language of cataloging UR
082 ## - DEWEY DECIMAL CLASSIFICATION NUMBER
Classification number 841
Item number و ص ی
100 ## - MAIN ENTRY--PERSONAL NAME
Personal name وصی محمّد وصی
9 (RLIN) 109141
245 ## - TITLE STATEMENT
Title دشت تمنا /
Remainder of title وصی محمّد وصی
246 ## - VARYING FORM OF TITLE
Title proper/short title Dasht-e-tamanna /
Remainder of title by wasi Mohammad wasi
260 ## - PUBLICATION, DISTRIBUTION, ETC. (IMPRINT)
Place of publication, distribution, etc دہلی
Name of publisher, distributor, etc سیمنٹ پرکاشن
Date of publication, distribution, etc 1992
270 ## - ADDRESS
City دہلی
Address کچہ روہللہ خان دریاگنج
Postal code 110002
300 ## - PHYSICAL DESCRIPTION
Extent 128p.
Dimensions 19cm(Hb)
650 ## - SUBJECT ADDED ENTRY--TOPICAL TERM
Topical term or geographic name as entry element ادب - اردو
9 (RLIN) 142461
650 ## - SUBJECT ADDED ENTRY--TOPICAL TERM
Topical term or geographic name as entry element اردو شاعری
9 (RLIN) 142462
650 ## - SUBJECT ADDED ENTRY--TOPICAL TERM
Topical term or geographic name as entry element Literature -- Urdu
9 (RLIN) 142463
650 ## - SUBJECT ADDED ENTRY--TOPICAL TERM
Topical term or geographic name as entry element Urdu poetry
9 (RLIN) 142464
942 ## - ADDED ENTRY ELEMENTS (KOHA)
Source of classification or shelving scheme Dewey Decimal Classification
Koha item type Urdu Bks
Classification part 841
Call number suffix و ص ی
Holdings
Withdrawn status Lost status Damaged status Not for loan Home library Current library Date acquired Source of acquisition Cost, normal purchase price Total Checkouts Full call number Barcode Date last seen Copy number Cost, replacement price Price effective from Koha item type
        Central Library Central Library 28/12/2015 Cen Lib/Ret 70.00   841 و ص ی A-645302 28/12/2015 1 70.00 15/09/2016 Urdu Bks

© Delhi Public Library
Hit Counter
free hit counter